00384nam a2200109Ia 4500008004100000100002000041245007400061260004600135300001100181650001300192856006900205160712s9999 xx 000 0 und d aDavid, Randy S. cRandy S. DavidaAng Wika bilang Instrumento ng Pambansang Pagpapalaya c2015bDaluyan: Journal ng Wikang Filipino a no. 1 xFILIPINO uhttp://journals.upd.edu.ph/index.php/djwf/issue/view/529/showToc